000
00470nam a2200181Ia 4500
008
100917s9999 xx 000 0 und d
082
_b
26797
100
_a
बुध्दिसागर शांता
245
_a
कणव
260
_b
वसंत साहित्य
_c
1976
300
_a
93
365
_b
7
520
_a
कादंबरी
630
_a
कणव
650
_a
कादंबरी
730
_a
कणव
942
_c
BOOK
999
_c
632191
_d
632188